| 000 | 00589nam a2200205Ia 4500 | ||
|---|---|---|---|
| 003 | OSt | ||
| 005 | 20230527113419.0 | ||
| 008 | 210423s2006 xx 000 0 und d | ||
| 040 | _cAL | ||
| 082 |
_a361.3 _223 _bMAIP |
||
| 100 |
_aMAIDMENT (Jane);EGAN (Ronnie) _9115285 |
||
| 245 | _aPractice skills in social work and welfare | ||
| 260 |
_aAustralia _bAllen & Unwin _c2006 |
||
| 300 |
_ax,318 _bPB |
||
| 365 |
_b325 _cINR |
||
| 650 |
_aSocial Problems & Services _9115286 |
||
| 650 |
_aSocial Work _9115287 |
||
| 906 | _aPractice ; skills ; social ; welfare ; work | ||
| 942 |
_2ddc _cBK |
||
| 999 |
_c174373 _d174373 |
||